000 00292nam a2200133Ia 4500
100 _aReddin/B/ Ryan/D
942 _cRB
654 _ahandbook
245 _aHandbook of Management
260 _bTata Mc Graw hill
_aNew Delhi
_c1988
082 _a658
_bRED
300 _a364
546 _aENGLISH
999 _c23464
_d23464